[Event "Paris-ch op-A"]
[Site "Paris"]
[Date "2010.07.07"]
[Round "5"]
[White "Benini, Fulvio"]
[Black "Brault, Julien"]
[Result "1-0"]
[WhiteElo "1899"]
[BlackElo "1832"]
[PlyCount "39"]
[EventDate "2010.07.03"]
[EventType "swiss"]
[EventRounds "9"]
[EventCountry "FRA"]
[SourceTitle "CBM 137 Extra"]
[Source "ChessBase"]
[SourceDate "2010.09.01"]
[SourceVersion "1"]
[SourceVersionDate "2010.09.01"]
[SourceQuality "1"]

1. d4 d5 2. c4 e6 3. Nf3 c6 4. e3 Bd6 5. Nc3 f5 6. Bd3 Nf6 7. 0-0 0-0 8. Qc2 Ne4 9. Rb1 Qf6 10. b4 Qh6 11. b5 Ng5 12. Ne5 Ne4 13. f4 Rf6 14. cxd5 Nxc3 15. Qxc3 exd5 16. bxc6 Nxc6 17. Nxc6 bxc6 18. Qxc6 Bxf4 19. Qxd5+ Rf7 20. exf4 1-0